000 00704nam a22001935i 4500
001 158058
003 ES-MaACL
005 20230906210958.0
008 990406s1878 cu |||| | spa d
040 _aCCPB | B
_bspa
_cCCPB | B
100 1 _aLópez Prieto, Antonio.
_9129219
245 1 4 _aLos restos de Colón
_b: examen histórico-crítico /
_cpor Antonio López Prieto.
250 _a2ª ed.
260 _aHabana :
_b[s.n.],
_c1878 (
_fImprenta del Gobierno y Capitanía General)
300 _a83 p. ;
_c23 cm.
600 1 4 _aColón, Cristóbal.
_939869
752 _aCuba -
_dLa Habana
852 _aES-MaACL
_jT-249-F-4
_z-- Enc. hol.
_q-- Falto de la cub. original
_z-- Enc. en un vol. facticio
999 _c158058
_d158058